| 000 | 01570nam a2200241Ia 4500 | ||
|---|---|---|---|
| 999 |
_c51671 _d51671 |
||
| 001 | 18662 | ||
| 003 | GE_BSU | ||
| 005 | 20220920110518.0 | ||
| 008 | 181216s2012||||ge |||||||||||||| ||geo|| | ||
| 040 | _cGE_BSU | ||
| 041 | _ageo | ||
| 080 | _a33 ც-63 | ||
| 100 |
_aცინარიძე, რამინ _96020 |
||
| 245 |
_aრეგიონული საინვესტიციო პროცესების რეგულირების საფინანსო - ეკონომიკური მექანიზმი : დისერტაცია / _cრამინ ცინარიძე; სამეცნიერო ხელმძღვანელი ვლ. ღლონტი; ბათუმის შოთა რუსთაველის სახელმწიფო უნივერსიტეტი. |
||
| 264 |
_aბათუმი, _c2012. |
||
| 300 |
_a214 გვ. ; _b30 სმ. |
||
| 653 | _aდისერტაცია | ||
| 653 | _aეკონომიკა | ||
| 653 | _aრეგიონული საინვესტიციო პროცესების რეგულირების საფინანსო -ეკონომიკური მექანიზმი | ||
| 700 |
_aღლონტი, ვლ. _eსამეცნიერო ხელმძღვანელი _911652 |
||
| 710 |
_a ბათუმის შოთა რუსთაველის სახელმწიფო უნივერსიტეტი. _911726 |
||
| 942 |
_cBK _2udc |
||